| 000 | 00000nam##2200000za#4500 |
| 001 | 9.616673 |
| 003 | CaOODSP |
| 005 | 20210615101732 |
| 007 | ta |
| 008 | 150406|2003||||xxc||||| f|0| 0 eng|d |
| 040 | |aCaOODSP|beng |
| 043 | |an-cn--- |
| 086 | 1 |aNH18-22/103-125E |
| 110 | 2 |aCanada Mortgage and Housing Corporation. |
| 245 | 10|aWater penetration resistance of windows : |bstudy of codes, standards, testing, and certification |
| 260 | |bCanada Mortgage and Housing Corporation |c2003. |
| 300 | |a6p. : |bfig., table ; |c28 cm. |
| 490 | 1 |aResearch highlight. Technical series|v03-125 |
| 520 | 3 |aThese technical papers summarize a wide range of housing-related studies, reports, and manuals. They examine issues as diverse as low-maintenance northern landscaping; policy options for achieving healthy indoor air quality; and various aspects of building performance, including high-rise building envelope performance, performance of various building materials, and evaluations of district heating systems. |
| 563 | |aPamphlet |
| 590 | |a04-01|b2004-01-02 |
| 690 | 07|aCertification|2gcpds |
| 690 | 07|aHousing|2gcpds |
| 690 | 07|aStandards|2gcpds |
| 690 | 07|aTesting|2gcpds |
| 775 | 08|tÉtanchéité à l'eau des fenêtres : |w(CaOODSP)9.626447 |
| 776 | 0#|tWater penetration resistance of windows : |w(CaOODSP)9.581125 |
| 830 | #0|aResearch highlight. Technical series ;|v03-125|w(CaOODSP)9.514826 |